Computersprachen-Quiz - Statistiken

Allgemein
  • Dieses Quiz wurde 419 mal gespielt
  • Das Durchschnittsergebnis liegt bei 10 aus 15
Antwortstatistiken
Frage Antwort % Korrekt
Webseiten-Strukturierungssprache HTML
93%
Objektorientierte Programmiersprache C#
86%
Datenbank-Abfrage-Sprache SQL
86%
Programmiersprache für Firmware und Betriebssysteme C
81%
Webseiten-Stylebeschreibungssprache CSS
81%
Strukturierte Darstellung von Daten XML
80%
Web-Frontend-Programmiersprache Typescript
77%
Shellscript-Sprache Bash
70%
Webserver-Entwicklungs-Sprache PHP
65%
Data-Science-Anwendungen Python
61%
Hardware-Beschreibungssprache VHDL
58%
GPU-Programmierung CUDA
55%
App-Entwicklungs-Programmiersprache Kotlin
55%
Esoterische Programmiersprache Whitespace
35%
Funktionale Programmiersprache Haskell
19%
Keine übereinstimmenden Quizze gefunden
Verteilung der Resultate
Anzahl Personen mit jedem Resultat
Perzentil nach korrekt beantworteten Fragen
Ihre Resultats-Entwicklung
Sie haben dieses Quiz noch nicht gespielt